How to plan, purchase, select, and prepare nutritious family meals / (Record no. 8249)

MARC details
000 -LEADER
fixed length control field 00721nab a22002057a 4500
003 - CONTROL NUMBER IDENTIFIER
control field OSt
005 - DATE AND TIME OF LATEST TRANSACTION
control field 20250410081254.0
008 - FIXED-LENGTH DATA ELEMENTS--GENERAL INFORMATION
fixed length control field 250404t2010 ||||||p| |||| 00| 0 eng d
040 ## - CATALOGING SOURCE
Transcribing agency JMCFI - Learning Resource Center
082 ## - DEWEY DECIMAL CLASSIFICATION NUMBER
Classification number Per. 370.71’051 M689 2010/2011
100 ## - MAIN ENTRY--PERSONAL NAME
Personal name Santiago, Rose Romulo
9 (RLIN) 26572
245 ## - TITLE STATEMENT
Title How to plan, purchase, select, and prepare nutritious family meals /
Statement of responsibility, etc. Rose Romulo Santiago.
260 ## - PUBLICATION, DISTRIBUTION, ETC.
Place of publication, distribution, etc. Manila :
Name of publisher, distributor, etc. The Grade School, Inc.,
Date of publication, distribution, etc. 2010.
650 ## - SUBJECT ADDED ENTRY--TOPICAL TERM
Topical term or geographic name entry element Meal planning.
9 (RLIN) 6760
650 ## - SUBJECT ADDED ENTRY--TOPICAL TERM
Topical term or geographic name entry element Family meal planning.
9 (RLIN) 27584
650 ## - SUBJECT ADDED ENTRY--TOPICAL TERM
Topical term or geographic name entry element Food.
9 (RLIN) 5478
650 ## - SUBJECT ADDED ENTRY--TOPICAL TERM
Topical term or geographic name entry element Food
General subdivision Nutrient.
9 (RLIN) 27585
773 ## - HOST ITEM ENTRY
Related parts , volume 59, number 2 ( July 2010 ) page 66.
Title The Modern Teacher
942 ## - ADDED ENTRY ELEMENTS (KOHA)
Koha item type Periodicals
Suppress in OPAC No
Source of classification or shelving scheme Dewey Decimal Classification
Holdings
Withdrawn status Lost status Source of classification or shelving scheme Damaged status Not for loan Home library Current library Shelving location Date acquired Total Checkouts Call number Date last seen Price effective from Koha item type
    Dewey Decimal Classification     LRC - College (Main) LRC - College (Main) Periodicals 04/10/2025   Per. 370.71’051 M689 2010/2011 04/10/2025 04/10/2025 Periodicals